| 000 | 00588nam a2200181 i 4500 | ||
|---|---|---|---|
| 001 | 57083 | ||
| 003 | ES-MaACL | ||
| 005 | 20250828062825.0 | ||
| 007 | t| | ||
| 008 | 031014s1963 sp ||||1| spa d | ||
| 245 | 0 | 0 |
_aDoctrina social de la Iglesia en la escuela pública : _bmovimientos especializados de maestros de A.C. de Burgos. |
| 260 |
_aBurgos : _bCaja de Ahorros, _c[1963] |
||
| 300 |
_a64 p. ; _c22 cm. |
||
| 650 | 7 |
_aIglesia y educación _2embne _913553 |
|
| 650 | 4 |
_aIglesia y problemas sociales- _zEspaña. _9173572 |
|
| 852 |
_aES-MaACL _jC-25766 |
||
| 999 |
_c57083 _d57083 |
||